000 00825nam a22002177a 4500
005 20100814123337.0
010 _aENG-100355
020 _a9788184245394
_c250.00
035 _aEN-83887
037 _bDBAD/PUB
082 _a669.1405
245 _aAdvanes in the theory of ironmaking and steelmaking :
_bATIS 2009 /
_cedited by G. S. Gupta [and] M. R. Lollchund
260 _aNew Delhi
_bAllied Publishers
_c2009
270 _a1/13-14 Asaf Ali Road
_bNew Delhi
_e110002
300 _axii, 508p.
_c28cm (pbk)
500 _aIncludes index
700 _aGupta, G. S.
_913305
700 _aLollchund, M. R.
_913306
942 _2ddc
_cEN
_h669.1405
_mADV
999 _c41879
_d41879